000 01314nam a2200265 4500
003 OSt
005 20250711125928.0
008 220324s2012 ck a|||br|||| 00| f spa d
020 _a9789587764840
040 _aCO-JMCR
_cCO-JMCR
041 0 _aspa
082 0 4 _aN
_bAPAg
100 1 _aAparicio, María Cristina,
_eautora
_941995
245 1 3 _aLa gran Georgina :
_bmi dislexia y loconcio /
_cMaría Cristina Aparicio ; ilustrador, Daniel Rabanal
250 _aPrimera edición
260 _aBogotá :
_bNorma,
_c2012.
300 _a94 páginas :
_bilustraciones a blanco y negro ;
_c20 cm.
490 0 _aTorre de papel :
_aAzul
520 0 _a¿Qué hay que hacer para ser admitida en el divertido club que dirige Georgina? Es simple: hay que ser extraordinario. María Joaquína tiene dislexia, y cree que no cumple con los requisitos de un club tan exclusivo, en el que sí aceptaron a Caro la, la mejor repostera del mundo, y a Elías, el más intrépido conductor de patineta. ¡Hasta sus mejo res amigos, Leoncio y Maricela, forman parte del club! ¿Qué puede hacer Maria Joaquina para ser admitida?
521 _aA partir de los 9 años.
_bTapa posterior
650 1 4 _aLiteratura infantil
650 2 4 _aNovela infantil
_91227
700 1 _aRabanal, Daniel,
_eilustrador
_941996
942 _2ddc
_cBK
999 _c15848
_d15848